Music Quiz

Random Music Quiz

The Script Guess the Lyrics Quiz Stats

 Plays Quiz not verified by Sporcle

Score 0/163 Timer 14:00
0 Plays Today
% Correct
the
86.6%
the
86.6%
the
86.6%
the
86.6%
The
86.6%
the
86.6%
the
86.6%
the
86.6%
You
83.5%
You
83.5%
You
83.5%
You
83.5%
you
83.5%
And
71.5%
And
71.5%
and
71.5%
And
71.5%
And
71.5%
And
71.5%
and
71.5%
I
65.7%
I
65.7%
I
65.7%
I
65.7%
I
65.7%
I
65.7%
I
65.7%
I
65.7%
be
62.4%
me
61.2%
I'm
59%
your
59%
I'm
59%
I'm
59%
I'm
59%
I'm
59%
your
59%
I'm
59%
in
58%
in
58%
in
58%
not
55.9%
not
55.9%
not
55.9%
not
55.9%
not
55.9%
not
55.9%
not
55.9%
my
55.4%
my
55.4%
my
55.4%
my
55.4%
my
55.4%
my
55.4%
my
55.4%
% Correct
My
55.4%
for
54.2%
of
53.2%
of
53.2%
on
53.2%
of
53.2%
It
51.3%
heart
47.7%
You're
44.8%
that
44.8%
say
44.1%
Say
44.1%
say
44.1%
But
43.4%
But
43.4%
like
43.2%
like
43.2%
have
41.7%
have
41.7%
as
41.5%
yours
41.5%
yours
41.5%
as
41.5%
yours
41.5%
mine
40.5%
feel
40%
don't
39.6%
know
39.3%
eyes
39.1%
eyes
39.1%
these
38.8%
these
38.8%
touch
37.6%
may
37.6%
touch
37.6%
may
37.6%
may
37.6%
may
37.6%
may
37.6%
may
37.6%
touch
37.6%
may
37.6%
out
37.2%
still
37.2%
words
36.9%
cry
36.9%
words
36.9%
look
36.7%
never
36.7%
though
36.5%
though
36.5%
time
36.5%
tired
36.2%
by
36.2%
much
35.5%
% Correct
much
35.5%
best
35.5%
much
35.5%
face
34.8%
line
34.3%
line
34.3%
softest
34.3%
day
34.3%
saw
34.3%
softest
34.3%
life
33.8%
such
33.6%
such
33.6%
map
32.9%
friend
32.6%
enough
32.1%
fine
31.4%
rough
31.4%
only
31.2%
feels
30.9%
edges
30.9%
somehow
30.7%
old
30.7%
quite
30.7%
went
30.7%
died
30.5%
growing
30.2%
came
30.2%
they're
30%
very
29.7%
seem
29.5%
news
29.5%
knees
29.5%
weak
29.5%
soldier
29.5%
art
29.3%
angel
29%
works
28.5%
walls
28.1%
wrap
27.8%
over
27.8%
Listen
27.6%
close
27.3%
mind
27.3%
fit
27.1%
smart
26.9%
thoughts
26.9%
hanging
26.4%
scars
24.9%
soul
24.9%
loved
24.9%
healed
23.3%
Embraced
21.6%

You're not logged in!

Compare scores with friends on all Sporcle quizzes.
OR
Log In

Show Comments

Extras

Created Feb 17, 2012ReportNominate
Tags:script, The Script

Top Quizzes Today


Score Distribution

Your Account Isn't Verified!

In order to create a playlist on Sporcle, you need to verify the email address you used during registration. Go to your Sporcle Settings to finish the process.

Report this User

Report this user for behavior that violates our Community Guidelines.

Details: